• 首页
  • 本馆介绍
  • 公告通知
  • 最新文献
  • 馆藏检索
  • 电子资源
  • 读者导购
  • 参考咨询
  • 我的图书馆
  • 登录
  • 详细信息显示
  • 放入我的书架
  • 预约/预借图书
  • 作者相关作品
  • 分类相关作品
  • 丛书相关作品
  • 出版社相关作品

书目信息

  • 表格格式
  • 工作单格式
  • 卡片格式
题名:
初等数学论丛
    
 
作者: ;上海教育出版社 著
分册: 第二辑  
出版信息: 上海   上海教育出版社  1981.02
页数: 234页
开本: 19cm
丛书名:
单 册:
中图分类: O12-53 , G633.6
科图分类:
主题词: 教育--各级 , 初等数学--文集
电子资源:
ISBN:
000 00711nam0 2200253 45
001 0180005260
005 20070712164422.73
010    @dCNY0.61
091    @a7150.2377
100    @a19950525d1981 dm y0chiy0121 ea
101 0  @achi
102    @aCN@b310000
105    @ay z 000yy
200 10 @a初等数学论丛@Achu deng shu xue lun cong@h第二辑@FDi Er Ji@f上海教育出版社著
210    @a上海@c上海教育出版社@d1981.02
215    @a234页@d19cm
606 0  @a教育@x各级
606    @a初等数学@x文集
690    @aO12-53@v3
690    @aG633.6
711 02 @a上海教育出版社@Ashang hai jiao yu chu ban she@4著
801  2 @aCN@bNLC@c20070712
801  0 @aCN@b上海图书馆@c20040917
905    @f1@b54898@dG633.6@e380
    
    初等数学论丛.第二辑/上海教育出版社著.-上海:上海教育出版社,1981.02
    234页;19cm
    
    
    ISBN :CNY0.61
    
●
相关链接 在E读中查询图书 在五车中查询图书 在当当中查询图书 在豆瓣中查询图书


正题名:初等数学论丛     索取号:G633.6/380         预约/预借

序号 登录号 条形码 馆藏地/架位号 状态 备注
1 0054898   001959811   密集书库/ [索取号:G633.6/380] 在馆    
2 0054899   000619842   密集书库/ [索取号:G633.6/380] 在馆    
3 0054900   000619833   密集书库/ [索取号:G633.6/380] 在馆    
4 0769954   207699542   密集书库/ [索取号:G633.6/380] 在馆    
唐山师范学院图书馆 欢迎您!
大连网信软件有限公司© 版权所有